[Event "Magistral Internacional FEXRJ 2007"]
[Site "Rio de Janeiro BRA"]
[Date "2007.11.30"]
[Round "8.1"]
[White "Rodriguez Vila, Andres"]
[Black "Cubas, Jose Fernando"]
[Result "1-0"]
[WhiteElo "2541"]
[BlackElo "2448"]
[PlyCount "26"]
[EventDate "2007.11.25"]
[EventType "tourn"]
[EventRounds "9"]
[EventCountry "BRA"]
[Source "lmi"]
[SourceDate "2007.11.25"]

1. d4 d5 2. Nf3 Nf6 3. e3 e6 4. Bd3 Nbd7 5. b3 Bd6 6. Bb2 Qe7 7. Ne5 O-O 8. O-O
Rd8 9. c4 c6 10. Nd2 Nf8 11. f3 Ne8 12. e4 f6 13. Ng4 dxe4 1-0

[Event "Magistral Internacional FEXRJ 2007"]
[Site "Rio de Janeiro BRA"]
[Date "2007.11.30"]
[Round "8.2"]
[White "Teixeira, Ricardo da Silva"]
[Black "Di Berardino, Diego Rafael"]
[Result "0-1"]
[WhiteElo "2397"]
[BlackElo "2430"]
[PlyCount "60"]
[EventDate "2007.11.25"]
[EventType "tourn"]
[EventRounds "9"]
[EventCountry "BRA"]
[Source "lmi"]
[SourceDate "2007.11.25"]

1. d4 d5 2. Nf3 Nf6 3. c4 c6 4. e3 e6 5. Nc3 a6 6. a4 c5 7. cxd5 exd5 8. Ne5
Nc6 9. Be2 Bd6 10. Nxc6 bxc6 11. dxc5 Bxc5 12. O-O O-O 13. b3 Qe7 14. Bb2 Re8
15. a5 Bd6 16. Na4 Bb7 17. Nb6 Rad8 18. Qd4 Qc7 19. Qh4 Re4 20. Qh3 Re6 21. g3
Ne4 22. Bd3 c5 23. Qg4 Rg6 24. Qe2 Bxg3 25. fxg3 Nxg3 26. Qc2 Nf5+ 27. Kh1 Nxe3
28. Bxg6 Nxc2 29. Rxf7 d4+ 30. Kg1 Qc6 0-1

[Event "Magistral Internacional FEXRJ 2007"]
[Site "Rio de Janeiro BRA"]
[Date "2007.11.30"]
[Round "8.3"]
[White "Limp, Eduardo Thelio"]
[Black "Santa Cruz, Arthur"]
[Result "1-0"]
[WhiteElo "2405"]
[BlackElo "2247"]
[PlyCount "109"]
[EventDate "2007.11.25"]
[EventType "tourn"]
[EventRounds "9"]
[EventCountry "BRA"]
[Source "lmi"]
[SourceDate "2007.11.25"]

1. d4 Nf6 2. Nf3 g6 3. c3 Bg7 4. Qc2 O-O 5. e4 c5 6. e5 Nd5 7. Qe4 e6 8. dxc5
b6 9. c4 Nb4 10. a3 N4a6 11. b4 Nc6 12. Bb2 Bb7 13. Qc2 Nc7 14. b5 Na5 15. Nbd2
Rc8 16. Be2 Ne8 17. cxb6 axb6 18. O-O d5 19. Bc3 dxc4 20. Bb4 Nc7 21. Bxf8 Qxf8
22. Nxc4 Nd5 23. Rfc1 Bh6 24. Nfd2 Nf4 25. Bf1 Qd8 26. Ne4 Qh4 27. f3 Nxc4 28.
Bxc4 Bd5 29. g3 Qh3 30. gxf4 Bxf4 31. Qg2 Qxg2+ 32. Kxg2 Bxc1 33. Nd6 Bb2 34.
Rb1 Rc5 35. Rxb2 Bxc4 36. a4 Bd5 37. a5 bxa5 38. b6 a4 39. b7 Bxb7 40. Rxb7
Rxe5 41. Ra7 Rd5 42. Nxf7 h5 43. h4 a3 44. Ng5 Rd2+ 45. Kg3 a2 46. Nxe6 Kh8 47.
Nf4 Kg8 48. Ne6 Kh8 49. Kf4 Rd5 50. Rxa2 Rf5+ 51. Ke4 Kh7 52. Ra7+ Kh6 53. Ng5
Rf4+ 54. Ke3 Rxh4 55. f4 1-0

[Event "Magistral Internacional FEXRJ 2007"]
[Site "Rio de Janeiro BRA"]
[Date "2007.11.30"]
[Round "8.4"]
[White "Bittencourt, Jorge"]
[Black "Stamenkovic, Dragan P"]
[Result "1-0"]
[WhiteElo "2448"]
[BlackElo "2315"]
[PlyCount "107"]
[EventDate "2007.11.25"]
[EventType "tourn"]
[EventRounds "9"]
[EventCountry "BRA"]
[Source "lmi"]
[SourceDate "2007.11.25"]

1. e4 c5 2. Nf3 d6 3. d4 cxd4 4. Nxd4 Nf6 5. Nc3 g6 6. Be3 Bg7 7. f3 O-O 8. Qd2
Nc6 9. O-O-O Nxd4 10. Bxd4 Be6 11. Kb1 Qc7 12. g4 Rfc8 13. h4 Qa5 14. a3 Rab8
15. h5 b5 16. h6 b4 17. Nb5 Bh8 18. Qxb4 Qxb4 19. axb4 a6 20. Na7 Rc7 21. b5
axb5 22. Nxb5 Rcb7 23. c4 Bd7 24. Be2 Ne8 25. Bxh8 Kxh8 26. Rd2 f5 27. exf5
gxf5 28. gxf5 Bxf5+ 29. Bd3 Bd7 30. Re1 e6 31. Rg2 Bxb5 32. cxb5 e5 33. Reg1
Nc7 34. Rg7 Nxb5 35. Rxb7 Rxb7 36. Rg7 Rb8 37. Rxh7+ Kg8 38. Rd7 d5 39. Re7
Nc3+ 40. Kc2 Na4 41. b4 d4 42. Rxe5 Rc8+ 43. Kd2 Nb2 44. Rc5 Rf8 45. Be4 Rb8
46. b5 Kh8 47. Bc2 d3 48. Kc3 dxc2 49. Kxb2 Kh7 50. Kxc2 Kxh6 51. Kb3 Rf8 52.
b6 Rf6 53. Rb5 Rxf3+ 54. Ka4 1-0

[Event "Magistral Internacional FEXRJ 2007"]
[Site "Rio de Janeiro BRA"]
[Date "2007.11.30"]
[Round "8.5"]
[White "Felgaer, Ruben"]
[Black "Fier, Alexandr"]
[Result "1-0"]
[WhiteElo "2539"]
[BlackElo "2516"]
[PlyCount "93"]
[EventDate "2007.11.25"]
[EventType "tourn"]
[EventRounds "9"]
[EventCountry "BRA"]
[Source "lmi"]
[SourceDate "2007.11.25"]

1. e4 e6 2. d4 d5 3. Nc3 Bb4 4. e5 c5 5. a3 Bxc3+ 6. bxc3 Ne7 7. a4 Qa5 8. Qd2
Nbc6 9. Nf3 Bd7 10. Ba3 cxd4 11. cxd4 Qxd2+ 12. Kxd2 Na5 13. Bb4 Nc4+ 14. Bxc4
dxc4 15. Bxe7 Kxe7 16. Kc3 Rhc8 17. Nd2 Bc6 18. f3 f5 19. h4 Rc7 20. a5 Rd8 21.
h5 b5 22. axb6 axb6 23. Ra6 b5 24. Rha1 b4+ 25. Kxb4 Rxd4 26. Ra7 Bb7 27. Kc3
Rdd7 28. R1a4 Bd5 29. Rxc7 Rxc7 30. Nxc4 g5 31. hxg6 hxg6 32. Kd3 Bc6 33. Rb4
Ra7 34. Rb6 Kd7 35. Rb8 Ra1 36. Rg8 Rg1 37. Rg7+ Kd8 38. Na5 Bd7 39. Nb7+ Kc8
40. Nd6+ Kc7 41. Rxg6 Bc6 42. Ke3 Kb6 43. Rxe6 Rxg2 44. Nxf5 Kc5 45. Nd4 Bd5
46. Re8 Bf7 47. Rd8 1-0

[Event "Magistral Internacional FEXRJ 2007"]
[Site "Rio de Janeiro BRA"]
[Date "2007.12.03"]
[Round "9.1"]
[White "Fier, Alexandr"]
[Black "Rodriguez Vila, Andres"]
[Result "1-0"]
[WhiteElo "2516"]
[BlackElo "2541"]
[PlyCount "75"]
[EventDate "2007.11.25"]
[EventType "tourn"]
[EventRounds "9"]
[EventCountry "BRA"]
[Source "lmi"]
[SourceDate "2007.11.25"]

1. e4 e6 2. d4 d5 3. Nc3 Bb4 4. e5 Ne7 5. a3 Bxc3+ 6. bxc3 b6 7. Qg4 Ng6 8. h4
h5 9. Qd1 Ba6 10. Bxa6 Nxa6 11. Bg5 Qd7 12. Ne2 Qc6 13. O-O Nf8 14. Nf4 g6 15.
Qd3 Nb8 16. c4 Qxc4 17. Qxc4 dxc4 18. d5 exd5 19. Nxd5 Ne6 20. Bf6 O-O 21. f4
c6 22. Ne7+ Kh7 23. f5 Nd4 24. e6 Nxf5 25. Nxf5 gxf5 26. Be7 Rc8 27. exf7 Nd7
28. Rxf5 Nf8 29. Raf1 Rc7 30. Rxh5+ Kg6 31. Rg5+ Kh7 32. Bd6 Rd7 33. Rf6 Rad8
34. Bf4 Re7 35. Be5 Rd5 36. Bd6 Re1+ 37. Kf2 Rdd1 38. Kg3 1-0

[Event "Magistral Internacional FEXRJ 2007"]
[Site "Rio de Janeiro BRA"]
[Date "2007.12.03"]
[Round "9.2"]
[White "Stamenkovic, Dragan P"]
[Black "Felgaer, Ruben"]
[Result "0-1"]
[WhiteElo "2315"]
[BlackElo "2539"]
[PlyCount "94"]
[EventDate "2007.11.25"]
[EventType "tourn"]
[EventRounds "9"]
[EventCountry "BRA"]
[Source "lmi"]
[SourceDate "2007.11.25"]

1. d4 d5 2. c4 c6 3. cxd5 cxd5 4. Nc3 Nf6 5. Nf3 Nc6 6. Bf4 Bf5 7. e3 e6 8. Bd3
Bxd3 9. Qxd3 Be7 10. O-O O-O 11. Rac1 Nd7 12. Nd2 Nb6 13. a3 a6 14. b4 Na7 15.
Rc2 Qd7 16. Rfc1 Rfc8 17. Ncb1 Rxc2 18. Rxc2 Rc8 19. Kf1 Nc4 20. Ke1 Qc6 21.
Ke2 f6 22. Bg3 Nb5 23. Nb3 b6 24. f3 Qd7 25. N3d2 Qc6 26. Nb3 Bf8 27. N3d2 Nbd6
28. Bxd6 Bxd6 29. h3 b5 30. Nb3 Re8 31. Na5 Qb6 32. Nxc4 dxc4 33. Qe4 f5 34.
Qh4 a5 35. Rb2 axb4 36. axb4 e5 37. d5 f4 38. Qf2 e4 39. exf4 e3 40. Qe1 Qd4
41. Qc3 Qxf4 42. Qe1 Qd4 43. Qc3 Qh4 44. Kf1 Qg3 45. Qd4 Qh2 46. Qg4 Qh1+ 47.
Ke2 Qc1 0-1

[Event "Magistral Internacional FEXRJ 2007"]
[Site "Rio de Janeiro BRA"]
[Date "2007.11.29"]
[Round "9.3"]
[White "Santa Cruz, Arthur"]
[Black "Bittencourt, Jorge"]
[Result "1/2-1/2"]
[WhiteElo "2247"]
[BlackElo "2448"]
[PlyCount "177"]
[EventDate "2007.11.25"]
[EventType "tourn"]
[EventRounds "9"]
[EventCountry "BRA"]
[Source "lmi"]
[SourceDate "2007.11.25"]

1. e4 c5 2. Nf3 d6 3. d4 cxd4 4. Nxd4 Nf6 5. Nc3 a6 6. g3 e5 7. Nb3 Nbd7 8. Bg2
b5 9. O-O Be7 10. Bd2 O-O 11. a4 b4 12. Nd5 Nxd5 13. exd5 a5 14. c3 bxc3 15.
Bxc3 Qb6 16. Ra3 Bd8 17. Qd2 Qa7 18. Kh1 Bb6 19. Rb1 Nc5 20. Nxa5 Bxa5 21. b4
Bf5 22. Rf1 Bd3 23. Re1 Bb6 24. bxc5 Bxc5 25. Raa1 Ba6 26. f4 Bf2 27. Reb1 Be3
28. Qd1 exf4 29. gxf4 Rac8 30. Ra3 Bc5 31. Rab3 Rfe8 32. Qg4 Bd4 33. Qg3 h6 34.
a5 Bxc3 35. Rxc3 Rxc3 36. Qxc3 Qf2 37. Qg3 Qd2 38. Ra1 Re2 39. Rg1 Re3 40. Qg4
Re1 41. h3 Rxg1+ 42. Kxg1 Qxa5 43. Qd7 Qc5+ 44. Kh2 Bb5 45. Qd8+ Kh7 46. Qe7 f5
47. Qe6 Bd3 48. h4 Qf2 49. h5 Qxf4+ 50. Kg1 Qe5 51. Qxe5 dxe5 52. d6 Bb5 53.
Bd5 Bd7 54. Bf7 g5 55. hxg6+ Kg7 56. Kf2 h5 57. Kg3 f4+ 58. Kh4 Kh6 59. Bg8 e4
60. Bd5 e3 61. Bf3 Kxg6 62. Bxh5+ Kf6 63. Be2 Ke5 64. Kg5 Ke4 65. Ba6 Ke5 66.
Be2 Be8 67. Kg4 Bc6 68. Kg5 Ke4 69. Ba6 f3 70. Bb7 Bxb7 71. d7 f2 72. d8=Q f1=Q
73. Qe7+ Kd3 74. Qa3+ Ke2 75. Qb2+ Ke1 76. Qxb7 Qg1+ 77. Kf4 Qf2+ 78. Kg4 Kf1
79. Qh1+ Ke2 80. Qe4 Qg1+ 81. Kf4 Qf2+ 82. Kg4 Kd2 83. Qb4+ Kc1 84. Qc3+ Kd1
85. Qb3+ Kd2 86. Qb2+ Ke1 87. Qb1+ Ke2 88. Qb5+ Kd1 89. Qb1+ 1/2-1/2

[Event "Magistral Internacional FEXRJ 2007"]
[Site "Rio de Janeiro BRA"]
[Date "2007.11.29"]
[Round "9.4"]
[White "Di Berardino, Diego Rafael"]
[Black "Limp, Eduardo Thelio"]
[Result "0-1"]
[WhiteElo "2430"]
[BlackElo "2405"]
[PlyCount "65"]
[EventDate "2007.11.25"]
[EventType "tourn"]
[EventRounds "9"]
[EventCountry "BRA"]
[Source "lmi"]
[SourceDate "2007.11.25"]

1. e4 c5 2. Nf3 d6 3. d4 cxd4 4. Nxd4 Nf6 5. Nc3 a6 6. Be3 e5 7. Nb3 Be6 8. f3
Nbd7 9. Qd2 Rc8 10. g4 Qc7 11. g5 Nh5 12. O-O-O h6 13. gxh6 Rxh6 14. Bxh6 gxh6
15. Rg1 Ndf6 16. Kb1 b5 17. Bd3 Nf4 18. Ne2 Nh3 19. Rgf1 h5 20. Nbc1 Qb6 21. c3
a5 22. Bc2 a4 23. Ng1 a3 24. b3 b4 25. c4 Nf4 26. Nge2 Nxe2 27. Nxe2 Nd7 28.
Nc1 Nc5 29. Nd3 Nxd3 30. Qxd3 Ke7 31. Qd2 Bg7 32. Rg1 Bf6 33. Rg2 0-1

[Event "Magistral Internacional FEXRJ 2007"]
[Site "Rio de Janeiro BRA"]
[Date "2007.12.03"]
[Round "9.5"]
[White "Cubas, Jose Fernando"]
[Black "Teixeira, Ricardo da Silva"]
[Result "1-0"]
[WhiteElo "2448"]
[BlackElo "2397"]
[PlyCount "81"]
[EventDate "2007.11.25"]
[EventType "tourn"]
[EventRounds "9"]
[EventCountry "BRA"]
[Source "lmi"]
[SourceDate "2007.11.25"]

1. e4 Nf6 2. e5 Nd5 3. d4 d6 4. c4 Nb6 5. exd6 cxd6 6. Nc3 g6 7. Be3 Bg7 8. Rc1
O-O 9. b3 Nc6 10. h3 e6 11. Nf3 d5 12. c5 Nd7 13. Be2 b6 14. Na4 Bb7 15. cxb6
axb6 16. Bb5 Rc8 17. O-O Ncb8 18. Bf4 Rxc1 19. Qxc1 Ba6 20. Bxa6 Nxa6 21. Qc6
Qc8 22. Rc1 Qxc6 23. Rxc6 Nb4 24. Rc7 Rd8 25. Bd6 Bf8 26. Bxf8 Kxf8 27. a3 Nd3
28. Rb7 e5 29. dxe5 N3c5 30. Nxc5 bxc5 31. a4 Ke8 32. Kf1 h6 33. Ke2 Ra8 34.
Rc7 Ra6 35. Rc8+ Ke7 36. Nd2 g5 37. Kd1 c4 38. bxc4 Rxa4 39. cxd5 Nxe5 40. Rh8
Ra6 41. Ne4 1-0